000 00958nam a22002537a 4500
001 80633
003 BD-RjUL
005 20221026161710.0
008 221026s2009 bg a|||| m||| 00| 0 eng d
035 _a(BD-RjUL)80633
040 _aBD-RjUL
_beng
_cBD-RjUL
_dBD-RjUL
041 _aeng
082 _223
_a333.91095492
_bISS 2009
100 _aIslam, Muhammad. Rafiqul
_95510
245 1 0 _aStudies on the freshwater sponges of Bangldesh /
_cBy Muhammad. Rafiqul Islam ;
_6Supervisor : Md. Sohrad ali & Md. Abdul Mannan
260 _aRajshahi :
_bInstitute of Biological Sciences, University of Rajshahi,
_c2009
300 _axi, 125 leaves :
_bill, ;
_c29.cm.
502 _aThesis (Ph. D.) -- Institute of Biological Sciences, University of Rajshahi, 2009
504 _aReferences : Leaves 119 - 124
650 _aWater
_zBangladesh
_94970
700 _aali, Md. Sohrad,Supervisor
_95511
700 _aMannan, Md. Abdul Supervisor
_93542
942 _2ddc
_cTHE
999 _c80633
_d80633